ARRUPE JESUIT UNIVERSITY

CORONAVIRUS -STOP THE SPREAD - CLEAN,DISINFECT,COVER

In South Africa (Record no. 120380)

MARC details
000 -LEADER
fixed length control field 00386nam a22001337a 4500
005 - DATE AND TIME OF LATEST TRANSACTION
control field 20140403134557.0
008 - FIXED-LENGTH DATA ELEMENTS--GENERAL INFORMATION
fixed length control field 140403b xxu||||| |||| 00| 0 eng d
050 ## - LIBRARY OF CONGRESS CALL NUMBER
Classification number SPC DT757.
Item number Y6 1952
100 ## - MAIN ENTRY--PERSONAL NAME
Personal name Young, Francis Brett
9 (RLIN) 9771
245 ## - TITLE STATEMENT
Title In South Africa
Statement of responsibility, etc Young, Francis Brett
260 ## - PUBLICATION, DISTRIBUTION, ETC. (IMPRINT)
Place of publication, distribution, etc London
Name of publisher, distributor, etc William Heinemann
Date of publication, distribution, etc 1952
300 ## - PHYSICAL DESCRIPTION
Extent vi, 146p.;
Dimensions 24cm.
942 ## - ADDED ENTRY ELEMENTS (KOHA)
Source of classification or shelving scheme Library of Congress Classification
Item type Monograph ( Printed materials)
Holdings
Withdrawn status Lost status Source of classification or shelving scheme Damaged status Not for loan Collection code Home library Current library Shelving location Date acquired Total Checkouts Full call number Barcode Date last seen Price effective from Koha item type
    Library of Congress Classification     SPECIAL Collection ARRUPE LIBRARY ARRUPE LIBRARY Main Collection 03/04/2014   SPC DT757. Y6 1952 46500002035 03/04/2014 03/04/2014 Monograph ( Printed materials)

 

Arrupe Library. PO Box MP320 Mt Pleasant, Harare, Zimbabwe
263 242 745411|librarian@aju.ac.zw